000 00678nam a22001937a 4500
999 _c22594
_d22594
003 AR-CdUCM
008 190409b ||||| |||| 00| 0 spa d
020 _a9786124740985
040 _aMUNICIPALIDAD PROVINCIAL DEL CUSCO
_cBIBLIOTECA MUNICIPAL DEL CUSCO
082 _aPI/869.56/V341J
_bV341J
100 _aVásquez, Christopher
_948601
245 _aEl jigre y la tigrafa /
_cChristopher Vásquez ; ilustración, Percy Kiyabu
260 _aLima :
_bPesopluma,
_c2020.
300 _a[42] páginas. :
_bilustraciones en color ;
_c23 x 23 cm.
650 _aCuentos infantiles peruanos
_93914
700 _aKiyabu, Percy
_eilustrador
_948602
942 _2ddc
_cLIBROS
945 _arac